Statistics for General Knowledge Quiz #83

Click here to take the quiz!

General Stats

  • This quiz has been taken 97,473 times
    (61,463 since last reset)
  • The average score is 11 of 20

Answer Stats

QuestionAnswer% Correct
What sport is commonly known as "ping pong"?Table tennis
98%
What is the only ancient wonder of the world that still exists?The Great Pyramid
of Giza
82%
What animal is the offspring of a donkey and a horse?Mule or Hinny
77%
What age came between the Stone Age and the Iron Age?{Bronze} Age
74%
What country is divided between Greek and Turkish factions?Cyprus
71%
Who finally won an Oscar in 2016 for his role in "The Revenant"?Leonardo DiCaprio
67%
What are Ganymede, Callisto, Europa, and Io?Moons of Jupiter
67%
What activity do the terms "pointe" and "grand jeté" come from?Ballet
66%
What type of Islamic dress covers a woman's entire body, including mesh
over the eyes?
Burqa
64%
Whose "Decimal System" is used to organize libraries?Melvil Dewey
56%
Bactrians have two. Dromedaries only have one. What are they?{Hump}s
52%
In addition to sapphire, what gemstone is a variety of the mineral corundum?Ruby
47%
Who wrote "A History of the English-Speaking Peoples" during a gap in his
political career in the 1930s?
Winston Churchill
47%
What gas makes up 96.5% of Venus's atmosphere?Carbon dioxide
35%
What famous actress is the mother of Kate Hudson?Goldie Hawn
35%
Of the top 100 largest metro areas in the United States, which one has the warmest
average temperature?
Honolulu
33%
What childhood disease is a softening of bones due to malnutrition?Rickets
32%
What was the name of Germany, Austria-Hungary, Bulgaria, and the
Ottoman Empire during World War I?
The {Central} Powers
27%
According to Dante, what Biblical character lives in the center of hell?
(Not counting the devil)
Judas Iscariot
25%
What is Gordon Matthew Thomas Sumner's stage name?Sting
25%

Score Distribution

Percentile by Number Answered

Percent of People with Each Score

Your Score History

You have not taken this quiz since the last reset